| 000 | 00666nam a2200205Ia 4500 | ||
|---|---|---|---|
| 008 | 140609s9999 xx 000 0 und d | ||
| 020 | _a9780781781718 | ||
| 050 |
_aRT 48 _b.Al43 2007 |
||
| 245 | _aAlarming signs and symptoms / | ||
| 260 |
_aPhiladelphia : _bLippincott Williams & Wilkins, _cc2007. |
||
| 300 |
_a348 p. : _bill. ; _c21 cm. |
||
| 440 | _a(Lippincott manual of nursing practice series). | ||
| 500 | _aIncludes index. | ||
| 521 | _aNUR | ||
| 650 |
_aBioterrorism _xHandbooks, manuals, etc. |
||
| 650 |
_aHerb-Drug Interactions _xHandbooks, manuals, etc. |
||
| 650 |
_aSymptoms _xHandbooks, manuals, etc. |
||
| 942 |
_kFOR _cBK |
||
| 999 |
_c117888 _d117888 |
||